| Tag |
First Indicator |
Second Indicator |
Subfields |
| LEADER |
00000cam a2200000 4500 |
| 001 |
in00000052208 |
| 005 |
20151007070028.0 |
| 008 |
720216s1949 nyu 00000 eng u |
| 010 |
|
|
|a 49007782
|
| 035 |
|
|
|a (OCoLC)00243702
|
| 035 |
|
|
|9 AAE3188AM
|
| 040 |
|
|
|c CNC
|d OCL
|d TXA
|d UtOrBLW
|
| 049 |
|
|
|a TXAM
|c [164466]
|
| 050 |
|
0 |
|a QE501
|b .M6
|
| 092 |
|
|
|a 550
|b M823i
|
| 100 |
1 |
|
|a Moore, Raymond C.
|q (Raymond Cecil),
|d 1892-1974.
|
| 245 |
1 |
0 |
|a Introduction to historical geology.
|
| 250 |
|
|
|a 1st ed.
|
| 264 |
|
1 |
|a New York :
|b McGraw-Hill Book Co.,
|c 1949.
|
| 300 |
|
|
|a 582 pages :
|b illustrations,maps. ;
|c 24 cm.
|
| 336 |
|
|
|a text
|b txt
|2 rdacontent
|
| 337 |
|
|
|a unmediated
|b n
|2 rdamedia
|
| 338 |
|
|
|a volume
|b nc
|2 rdacarrier
|
| 650 |
|
0 |
|a Geology.
|
| 999 |
|
|
|a MARS
|
| 999 |
f |
f |
|s 8e369331-3c58-3111-9466-eb7a953bffc8
|i b8a23013-e574-3f6c-8b3f-5d69c492f15d
|t 0
|
| 952 |
f |
f |
|p ric
|a Texas A&M University
|b Rellis Campus
|c Joint Library Facility
|d Remote Storage
|t 0
|e QE501 .M6
|h Library of Congress classification
|i unmediated -- volume
|k 1949
|m A14800948750
|
| 998 |
f |
f |
|a QE501 .M6
|t 0
|l Remote Storage
|